Normal view
MARC view
- Goralski, Walter Kessler, G
Entry Personal Name
001 - CONTROL NUMBER
- control field: 74888
003 - CONTROL NUMBER IDENTIFIER
- control field: NUST
005 - DATE AND TIME OF LATEST TRANSACTION
- control field: 20210628205318.0
008 - FIXED-LENGTH DATA ELEMENTS
- fixed length control field: 210628|| aca||aabn | a|a d
040 ## - CATALOGING SOURCE
- Original cataloging agency: NUST
- Transcribing agency: NUST
100 ## - HEADING--PERSONAL NAME
- Personal name: Goralski, Walter Kessler, G
670 ## - SOURCE DATA FOUND
- Source citation: Work cat.: (NUST): Goralski, Walter Kessler, G, Isdn the complete guide to isdn architecture,products and implementation, 1996
